000 00608nam a2200193 i 4500
001 43067
003 ES-MaACL
005 20230906160728.0
007 t|
008 030314s1986 sp ||||1| spa d
020 _a84-220-1252-9
110 2 _aCentro de Estudios Filosóficos de Gallarate.
_92627
245 1 0 _aDiccionario de filósofos /
_cCentro de estudios filosóficos de Gallarate ; traducción de José Luis Albizu.
260 _aMadrid :
_bRioduero,
_c1986.
300 _a1444 p. ;
_c25 cm.
500 _aIndice.
700 1 _aAlbizu, José Luis.
_919396
852 _aES-MaACL
_jL-10392
_bR.112391
999 _c43067
_d43067